| 000 | 00912nam a22003011ib4500 | ||
|---|---|---|---|
| 003 | OSt | ||
| 005 | 20200706152558.0 | ||
| 008 | 200512t20192019enkao||jr|||| 001 0 eng d | ||
| 020 |
_a9781912171675 _cRM 38.62 _cRM 66.39 _qpaperback |
||
| 040 |
_aPPAK _beng _cPPAK _erda |
||
| 082 | 0 | 4 |
_223 _a595.799156 |
| 090 |
_a595.799156 _bJON _dK |
||
| 100 | 1 |
_aJones, Grace, _d1990- _eauthor. |
|
| 245 | 1 | 0 |
_aHONEY BEE / _cWritten by : Grace Jones |
| 264 | 1 |
_aKing's Lynn : _bThe Secret Book Company, _c2019 |
|
| 264 | 4 | _c©2019 | |
| 300 |
_a24 pages : _billustrations (colour) ; _c25 cm. |
||
| 336 |
_2rdacontent _atext |
||
| 336 |
_2rdacontent _a still image |
||
| 337 |
_2rdamedia _aunmediated |
||
| 338 |
_2rdacarrier _avolume |
||
| 490 | 0 | _aLife cycles | |
| 500 | _aBook band: Purple. | ||
| 521 | _a5-7. | ||
| 650 |
_aHoneybee _vJuvenile literature. _xLife cycles |
||
| 830 | _aLife cycles | ||
| 942 |
_2ddc _cB |
||
| 999 |
_c177094 _d177094 |
||